Statistiques concernant Trouve la fête de ces footballeurs.

Cliquez ici pour prendre le quiz!

Statistiques générales

  • Ce quiz a été pris 83 fois
  • Le résultat moyen est 3 sur 10

Statistiques - réponses

HintRéponse% Correct
20 décembreMbappé
59%
24 juinMessi
45%
5 févrierRonaldo
42%
5 févrierNeymar
41%
8 marsWarren Zaïre-Emery
34%
21 marsgriezmann
31%
4 novembreAchraf Hakimi
25%
30 marsRamos
25%
30 septembregiroud
22%
14 maiMarquinhos
20%

Distribution des résultats

Percentile par nombre de réponses

% des personnes avec chaque résultat

Votre développement - résultats

Vous n’avez pas pris ce quiz